01290 2200253 4500001002100000005001500021035002000036007000300056008004100059020001800100082001000118084001600128100003300144245010300177250002000280300003800300650001400338505055800352264003600910336002100946337003000967338002300997990001601020INLIS00000000000018720260417103218 a0010-0426000186ta260417 g 0 ind  a9786022621447 a006.7 a006.7 BAM c1 aBambang Eka PutraePengarang1 aCara mudah membuat web dengan CMS wordpress pada domain dan hosting gratisan /cBambang Eka Putra acetakan pertama a162 halaman :bilustrasi ;c23 cm 4aSitus Web aBuku ini membahas langkah-langkah praktis dalam membuat website menggunakan CMS WordPress dengan memanfaatkan domain dan hosting gratis. Materi mencakup proses instalasi WordPress, pengaturan tampilan, serta pengelolaan konten website secara mudah dan sistematis. Selain itu, buku ini juga memberikan panduan dalam memilih layanan hosting gratis serta tips dalam mengoptimalkan fitur WordPress agar website dapat berjalan dengan baik. Buku ini ditujukan bagi pemula yang ingin membuat website tanpa biaya besar dengan cara yang sederhana dan efektif. aYogyakarta :bGraha Ilmu,c2014 2rdacontentateks 2rdamediaatanpa perantara 2rdacarrieravolume aPP000298/19